01167 2200205 4500001002100000005001500021035002000036245014000056100003100196250001700227300003100244260004000275082001200315084001800327020002200345650001900367520051800386008004100904990001600945INLIS00000000000019120240603081651 a0010-05240001131 aKisah Teladan Utusan Allah :bNabi Ilyasa A.S. Murid Yang Patuh Pada Gurunya Nabi Idris A.S. Dan Malaikat /cNurcahyawati Windri Astuti0 aNurcahyawati Windri Astuti acetakan ke-1 av, 76 hlm :bilus ;c21 cm aJakarta :bUranus Publishing,c2011 a297.246 a297.246 NUR k a978-602-8637-12-1 4aNabi dan Rasul aMengambil hikmah dari kisah Nabi Ilyas A.S. dan Nabi Idris A.S, itulah yang dilakukan oleh Rara dan Romi. Bersama Kakek Ahmad yang bijaksana, Rara dan Romi belajar keteladanan dari mereka. Kisah Jenaka Rara dan Romi menjadi penghantar sebelum kalian membaca kisah Nabi Ilyas A.S dan Nabi Idris A.S. Dari Nabi Ilyas A.S. kalian dapat meneladani sikapnya yang menentang senantiasa patuh kepada gurunya Nabi Ilyas A.S. Sementara dari Idris A.S dapat meneladani sikapnya yang senantiasa taat dalam menjalankan ibadah.240603 0  a00000000591